Yeasts in food and beverages.
Đã lưu trong:
| Tác giả khác: | , |
|---|---|
| Định dạng: | Sách |
| Ngôn ngữ: | Tiếng Anh |
| Được phát hành: |
Berlin, Germany:
Springer,
2006.
|
| Loạt: | The Yeast Handbook;
2 |
| Những chủ đề: | |
| Các nhãn: |
Thêm thẻ
Không có thẻ, Là người đầu tiên thẻ bản ghi này!
|
MARC
| LEADER | 00000cam a2200000 a 4500 | ||
|---|---|---|---|
| 001 | UCG9730 | ||
| 003 | CL-VaPUC | ||
| 005 | 20230105074238.0 | ||
| 008 | 120330e20060000GW |||||||||||||||||eng|d | ||
| 999 | |c 347276 |d 347274 | ||
| 020 | |a 9873540283881 | ||
| 040 | |c Pontificia Universidad Católica de Valparaíso | ||
| 082 | 0 | 4 | |a 664.68 QUE 2006 |2 21 |
| 100 | 0 | |a Querol, Amparo |9 561383 |e editor | |
| 245 | 1 | 0 | |a Yeasts in food and beverages. |
| 260 | 0 | 3 | |a Berlin, Germany: |b Springer, |c 2006. |
| 300 | |a 453 páginas. | ||
| 490 | 0 | |a The Yeast Handbook; |v 2 | |
| 500 | |a Con 52 figuras y 30 tablas. | ||
| 505 | |a 1.The Commercial and Community Significance of Yeasts in Food and Beverage Production 2.Taxonomic and Ecological Diversity of Food and Beverage Yeasts 3.Molecular Methods to Identify and Characterize Yeasts in Foods and Beverages 4.Yeast Ecological Interactions. Yeast'Yeast, Yeast'Bacteria, Yeast'Fungi Interactions and Yeasts as Biocontrol Agents 5.Physiological and Molecular Responses of Yeasts to the Environment 6.Molecular Mechanisms Involved in the Adaptive Evolution of Industrial Yeasts 7.Principles and Applications of Genomics and Proteomics in the Analysis of Industrial Yeast Strains 8.Carbohydrate Metabolism 9.Yeasts as Biocatalysts 10.Production of Antioxidants, Aromas, Colours, Flavours, and Vitamins by Yeasts 11.Food and Beverage Spoilage Yeasts 12.The Public Health and Probiotic Significance of Yeasts in Foods and Beverages 13.The Development of Superior Yeast Strains for the Food and Beverage Industries: Challenges, Opportunities and Potential Benefits | ||
| 583 | |a last modification |c 20120330 10:33:00 |k Rodrigo Vera | ||
| 650 | 7 | |a Levaduras |2 CL-VaPUC |9 338082 | |
| 650 | 7 | |a Levaduras |x Aplicaciones industriales |9 879679 | |
| 650 | 7 | |a Levaduras |x Biotecnología |9 879680 | |
| 650 | 0 | |a Fermentación |9 259565 | |
| 700 | 0 | |a Fleet, Graham H |9 561384 |e editor | |
| 942 | |c BK |2 ddc | ||
| 945 | |d 20120330 00:00:00 |a dcastane | ||
| 952 | |0 0 |1 0 |2 ddc |4 0 |6 664_680000000000000_QUE_2006 |7 0 |8 A |9 588498 |a BIBCUR |b BIBCUR |c GEN |d 2023-01-03 |e 3 |g 405382.00 |i 5656279 |o 664.68 QUE 2006 |p 5656279 |r 2025-04-22 |t 3 |v 405382.00 |w 2023-01-03 |y BK |k BIO | ||
| 952 | |0 0 |1 0 |2 ddc |4 0 |6 664_680000000000000_QUE_2006 |7 0 |8 A |9 588499 |a BIBCUR |b BIBCUR |c GEN |d 2023-01-03 |e 3 |g 405382.00 |i 5656278 |o 664.68 QUE 2006 |p 5656278 |r 2025-04-22 |t 2 |v 405382.00 |w 2023-01-03 |y BK |k BIO | ||
| 952 | |0 0 |1 0 |2 ddc |4 0 |6 664_680000000000000_QUE_2006 |7 0 |8 A |9 588500 |a BIBCUR |b BIBCUR |c GEN |d 2023-01-03 |e 3 |g 405382.00 |i 5656281 |o 664.68 QUE 2006 |p 5656281 |r 2025-04-22 |t 5 |v 405382.00 |w 2023-01-03 |y BK |k BIO | ||
| 952 | |0 0 |1 0 |2 ddc |4 0 |6 664_680000000000000_QUE_2006 |7 0 |8 A |9 588501 |a BIBCUR |b BIBCUR |c GEN |d 2023-01-03 |e 3 |g 405382.00 |i 5656282 |o 664.68 QUE 2006 |p 5656282 |r 2025-04-22 |t 6 |v 405382.00 |w 2023-01-03 |y BK |k BIO | ||
| 952 | |0 0 |1 0 |2 ddc |4 0 |6 664_680000000000000_QUE_2006 |7 0 |8 A |9 588502 |a BIBCUR |b BIBCUR |c GEN |d 2023-01-03 |e 3 |g 405382.00 |i 5656280 |o 664.68 QUE 2006 |p 5656280 |r 2024-01-29 |t 4 |v 405382.00 |w 2023-01-03 |y BK |k BIO | ||
| 952 | |0 0 |1 0 |2 ddc |4 0 |6 664_680000000000000_QUE_2006 |7 0 |8 A |9 593027 |a BIBCUR |b BIBCUR |c GEN |d 2023-12-22 |e 13 |g 304997.00 |i 5659943 |o 664.68 QUE 2006 |p 5659943 |r 2025-04-22 |t 11 |v 304997.00 |w 2023-12-22 |y BK |k BIO | ||
| 952 | |0 0 |1 0 |2 ddc |4 0 |6 664_680000000000000_QUE_2006 |7 0 |8 A |9 593028 |a BIBCUR |b BIBCUR |c GEN |d 2023-12-22 |e 13 |g 304997.00 |i 5659939 |o 664.68 QUE 2006 |p 5659939 |r 2023-12-22 |t 7 |v 304997.00 |w 2023-12-22 |y BK |k BIO | ||